| 000 | 00855nam a2200217Ii 4500 | ||
|---|---|---|---|
| 003 | JO-AjNU | ||
| 008 | 230605s9999||||xx |||||||||||||| ||und|| | ||
| 017 | _a2009/5886 | ||
| 020 | _a978-977-6341-06-4 | ||
| 040 |
_aJO-AjNU _bara _erda _cJO-AjNU |
||
| 041 | _aara | ||
| 050 | 1 | 4 | _aHG186.A35.A87 2010 |
| 100 | 3 |
_aتأليف: عصران،عصران جلال, _eauthor _932041 |
|
| 245 | 0 | 0 | _aتقييم اداء صناديق الاستثمار في ظل متغيرات سوق الاوراق المالية: مدخل مقارن |
| 264 | 3 | 1 | _aالاسكندرية : دار التعليم الجامعي، 2010 |
| 300 |
_a374ص _bيحتوي على ببلوغرافية من 369-374ص |
||
| 336 |
_atext _btxt _2rdacontent |
||
| 337 |
_aunmediated _bn _2rdamedia |
||
| 338 |
_avolume _bnc _2rdacarrier |
||
| 650 | 4 |
_aالاستثمار المصرفي _932042 |
|
| 999 |
_aA12888 _c16456 _d16456 |
||